000 01011cam a22002894a 4500
001 11
003 BD-RjUL
005 20211208233106.0
008 140624s2011 nyua b 001 0 eng
020 _a9780879699352 (hardcover : alk. paper)
020 _a9780879699369 (pbk. : alk. paper)
035 _a(DNLM)101532311
_a(BD-RjUL)13
040 _aDNLM/DLC
_cDLC
_dDLC
_dBD-RjUL
_beng
041 _aeng
060 1 0 _aWN 25
_bI31 2011
082 0 0 _a616.0754
_222
_bIMA 2011
245 0 0 _aImaging :
_ba laboratory manual /
_ceditor and series editor Rafael Yuste.
260 _aCold Spring Harbor, N.Y. :
_bCold Spring Harbor Laboratory Press,
_cc2011.
300 _axvi, 952 p. :
_bill. (some col.) ;
_c29 cm.
504 _aIncludes bibliographical references and index.
650 0 _aDiagnostic imaging
_vLaboratory manuals.
_9111113
650 1 2 _aDiagnostic Imaging
_vLaboratory Manuals.
_9111114
700 1 _aYuste, Rafael.
_9111115
942 _2ddc
_cBK
999 _c11
_d11